01857agaaa2200325 45000010005000000030009000050050017000140070009000310080040000400400023000800410013001031000058001161300020001742450163001942500022003572600103003793000034004825080189005165110084007055200171007895380016009605460013009766500063009897000066010527000070011187000072011889420012012609990019012729520240012911387IT-RoPAU20220918181241.0d cvaizq50131s9999||||xx ||| | || ||und|| aIT-RoPAUcIT-RoPAU aITALIANO aRossellini RobertogCodice regista SPICS: 1870945459 aANNO UNO945460 aANNO UNOcSceneggiatura: Rossellini Roberto Mariani Marcella Scaffa Luciano -- Diretto da: Rossellini RobertopANNO UNO (Rif. Codice opera principale : 71387) aEdizione Standard aMILANO (ITALIA)bRUSCONI / Distribuzione: RAI TREg"1974 (1° ed.: 1988 ; Ed. Lingua Orig.: 1974)" aVHSbsonoro, col.c120 minuti a"Fotografia: Montuori Mario; Montaggio: Benvenuti Jolanda; Musica: Nascimbene Mario; Sceneggiatura: Rossellini Roberto Mariani Marcella Scaffa Luciano; Scenografia: Mangano Giuseppe; " a"Vannucchi Luigi; Dominique-Darel; Rita-Calderoni; Valeria-Sabel; Gianni-Rizzo" aIN QUESTO FILM VENGONO TRATTATI ED ESAMINATI GLI AVVENIMENTI LEGATI ALLA FIGURA POLITICA DI ALCIDE DE GASPERI DALLA FINE DELLA GUERRA AL 1954 FILM BIOGRAFICO A COLORI aPAL, STEREO aITALIANO aBIOGRAFICOeFILMS [VHS]xCodice MATERIA SPICS: 9960936736 aNascimbene Marioe(musica)gCodice Musica SPICS: 11469945461 aRossellini Roberto e(regista)gCodice regista SPICS: 1870945462 aRossellini Roberto e(soggetto)gCodice Soggetto SPICS: 1870945463 cVH2ddc c106166d106166 001040671387_00000000000000071aSPICSbSPICSd2015-01-31l0o71387r2015-01-31 00:00:00w2015-01-31yVHzProgr. Ins.: 2397 / N.Vol.:1 / Copie: 1 / Pag.:0 / Copia rara: n.d. / date import: 1.2.2015 / By Epidotti, Trombetti, Vaglietti